Curso de filosofía elementar [sic] (Record no. 158861)

MARC details
000 -LEADER
campo de control de longitud fija 00732nam a22001815i 4500
001 - NÚMERO DE CONTROL
campo de control 158861
003 - IDENTIFICADOR DE NÚMERO DE CONTROL
campo de control ES-MaACL
005 - FECHA Y HORA DE LA ÚLTIMA TRANSACCIÓN
campo de control 20250804062753.0
008 - DATOS DE LONGITUD FIJA--INFORMACIÓN GENERAL
campo de control de longitud fija 001107s1841 sp |||| | spa d
040 ## - FUENTE DE CATALOGACIÓN
Centro catalogador/agencia de origen EXT
Lengua de catalogación spa
Centro/agencia transcriptor EXT
100 1# - ENTRADA PRINCIPAL--NOMBRE DE PERSONA
Nombre de persona Martí de Eixalá, Ramón,
Fechas asociadas al nombre 1807-1857
9 (RLIN) 77213
245 10 - MENCIÓN DEL TÍTULO
Título Curso de filosofía elementar [sic]
Resto del título : comprendiendo la teoría de las ideas, la gramática general y la lógica dedicado a las universidades y colegios /
Mención de responsabilidad, etc. por Ramon Martí de Eixalá.
260 ## - PUBLICACIÓN, DISTRIBUCIÓN, ETC.
Lugar de publicación, distribución, etc. Barcelona :
Nombre del editor, distribuidor, etc. [s.n.],
Fecha de publicación, distribución, etc. 1841 (
Fabricante Imprenta de J. María de Grau)
300 ## - DESCRIPCIÓN FÍSICA
Extensión VII, 319 p. ;
Dimensiones 22 cm.
650 07 - PUNTO DE ACCESO ADICIONAL DE MATERIA--TÉRMINO DE MATERIA
Término de materia o nombre geográfico como elemento de entrada Filosofía
Fuente del encabezamiento o término embne
9 (RLIN) 12802
852 ## - LOCALIZACIÓN
Ubicación ES-MaACL
Número de control de estantería D-990
Nota libre -- Enc. pasta española
Holdings
Estatus retirado Estado de pérdida Estado de daño No para préstamo Colección Biblioteca de origen Biblioteca actual Ubicación en estantería Fecha de adquisición Fuente de adquisición Total de préstamos Signatura topográfica completa Código de barras Visto por última vez Precio de reemplazo Tipo de ítem Koha
        Libros del s. XIX Biblioteca del Ateneo de Madrid Biblioteca del Ateneo de Madrid Sala Valle Inclán 17/01/2008     D-990 901166275 23/02/2023 23/02/2023 Libro impreso antiguo